| 000 | 01419nam a2200313Ia 4500 | ||
|---|---|---|---|
| 999 |
_c5534 _d5534 |
||
| 003 | OSt | ||
| 005 | 20200623120733.0 | ||
| 008 | 191128s1979 mx gr 001 0 spa d | ||
| 020 | _a968162102 | ||
| 040 |
_aCO-JMCR _cCO-JMCR |
||
| 041 | 1 |
_aspa _heng |
|
| 082 | 0 | 4 |
_a330.153 / _bS642i _223 |
| 100 | 1 |
_aSmith, Adam, _eautor _91565 |
|
| 245 | 1 | 0 |
_aInvestigación sobre la naturaleza y causas de la riqueza de las naciones / _cAdam Smith ; edición de Edwin Cannan ; con una introducción de Max Lerner ; nueva traducción y estudio preliminar de Gabriel Franco |
| 250 | _aPrimera edición | ||
| 260 |
_aMéxico : _bFondo de Cultura Ecónomica, reimpresión, _c1979. |
||
| 300 |
_alxxvi, 917 páginas ; _c23 cm. |
||
| 500 | _aIncluye índice analítico páginas 849-906. | ||
| 500 | _aIncluye índice bibliográfico páginas 907-912. | ||
| 505 | 0 | _aDe las causas del progreso en las facultades productivas del trabajo y del modo como un producto se distribuye naturalmente entre las diferentes clases del pueblo -- Sobre la naturaleza, acumulación y empleo del capital | |
| 546 | _aTraducido del inglés | ||
| 650 | 1 | 4 |
_aRiqueza _95953 |
| 650 | 2 | 4 |
_aLiberalismo _xTeoría económica _95965 |
| 650 | 2 | 4 |
_aPlanificación de la producción _95966 |
| 700 | 1 |
_aCannan, Edwin, _eeditor _94963 |
|
| 700 | 1 |
_aLerner, Max, _eintroducción _95967 |
|
| 700 | 1 |
_aFranco, Gabriel, _etraductor _95968 |
|
| 942 |
_2ddc _cBK |
||